Capitales des pays en C - Statistiques

Statistiques générales
  • Ce quiz a été pris 168 fois
  • Le résultat moyen est 12 sur 15
Statistiques - réponses
Pays Capitales % Correct
Chine Pékin
99%
Corée du Sud Séoul
99%
Canada Ottawa
98%
Colombie Bogota
94%
Croatie Zagreb
93%
Chili Santiago
91%
Cuba La Havane
90%
Chypre Nicosie
85%
Corée du Nord Pyongyang
83%
Côte d'Ivoire Yamoussoukro
72%
Cameroun Yaoundé
69%
Cambodge Phnom Penh
66%
Costa Rica San José
53%
Cap-Vert Praia
48%
Comores Moroni
47%
Aucun quiz correspondant
Distribution des résultats
% des personnes avec chaque résultat
Percentile par nombre de réponses
Votre historique - résultats
Vous n’avez pas pris ce quiz